000 00306nam a2200121Ia 4500
008 230303s9999 xx 000 0 und d
041 _aeng
082 _a004.365,SRI
100 _aSRINIVASAN(A) SURESH (J)
245 _aCLOUD COMPUTING A PRACTICAL APPROACH
260 _aNEW DELHI
_bPEARSON
365 _cRS
999 _c225733
_d225733